Physical chemistry : (Record no. 24124)

MARC details
000 -LEADER
fixed length control field 02421cam a22003735i 4500
001 - CONTROL NUMBER
control field 17990872
003 - CONTROL NUMBER IDENTIFIER
control field EG-ScBUE
005 - DATE AND TIME OF LATEST TRANSACTION
control field 20250707095156.0
008 - FIXED-LENGTH DATA ELEMENTS--GENERAL INFORMATION
fixed length control field 140108s2014 enka f b 001 0 eng d
020 ## - INTERNATIONAL STANDARD BOOK NUMBER
International Standard Book Number 9780199689095 (pbk.)
035 ## - SYSTEM CONTROL NUMBER
System control number (OCoLC)ocn862792689
040 ## - CATALOGING SOURCE
Original cataloging agency EG-ScBUE
Language of cataloging eng
Description conventions rda
Transcribing agency EG-ScBUE
Modifying agency EG-ScBUE
082 04 - DEWEY DECIMAL CLASSIFICATION NUMBER
Classification number 541
Item number ATK
Edition number 22
100 1# - MAIN ENTRY--PERSONAL NAME
Personal name Atkins, P. W.
Fuller form of name (Peter William),
Dates associated with a name 1940-
Relator term author.
245 10 - TITLE STATEMENT
Title Physical chemistry :
Remainder of title a very short introduction /
Statement of responsibility, etc Peter Atkins.
250 ## - EDITION STATEMENT
Edition statement First edition.
250 ## - EDITION STATEMENT
Edition statement Third impression.
264 #1 - PUBLICATION, DISTRIBUTION, ETC. (IMPRINT)
Place of publication, distribution, etc Oxford :
Name of publisher, distributor, etc Oxford University Press,
Date of publication, distribution, etc 2014.
300 ## - PHYSICAL DESCRIPTION
Extent xvii, 128 pages :
Other physical details illustrations ;
Dimensions 18 cm.
336 ## - CONTENT TYPE
Source rdacontent
Content type term text
Content type code txt
337 ## - MEDIA TYPE
Media type term unmediated
Source rdamedia
Media type code n
338 ## - CARRIER TYPE
Carrier type term volume
Carrier type code nc
Source rdacarrier
490 0# - SERIES STATEMENT
Series statement Very short introductions ;
Volume number/sequential designation 385
504 ## - BIBLIOGRAPHY, ETC. NOTE
Bibliography, etc Includes bibliographical references and index.
505 0# - FORMATTED CONTENTS NOTE
Formatted contents note Matter from the inside -- Matter from the outside -- Bridging matter -- States of matter -- Changing the state of matter -- Changing the identity of matter -- Investigating matter.
520 ## - SUMMARY, ETC.
Summary, etc "With the development of a variety of exciting new areas of research involving computational chemistry, nano- and smart materials, and applications of the recently discovered graphene, there can be no doubt that physical chemistry is a vitally important field. It is also perceived as the most daunting branch of chemistry, being necessarily grounded in physics and mathematics and drawing as it does on quantum mechanics, thermodynamics, and statistical thermodynamics. With his typical clarity and hardly a formula in sight, Peter Atkins' Very Short Introduction explores the contributions physical chemistry has made to all branches of chemistry. Providing insight into its central concepts Atkins reveals the cultural contributions physical chemistry has made to our understanding of the natural world."--Publisher information.
650 #7 - SUBJECT ADDED ENTRY--TOPICAL TERM
Topical term or geographic name as entry element Chemistry, Physical and theoretical.
Source of heading or term BUEsh
653 ## - INDEX TERM--UNCONTROLLED
Resource For college Communication and mass media
-- Engineering, Chemical
Arrived date list February2017
655 ## - INDEX TERM--GENRE/FORM
Form subdivision Reading book
856 42 - ELECTRONIC LOCATION AND ACCESS
Materials specified Contributor biographical information
Uniform Resource Identifier <a href="http://www.loc.gov/catdir/enhancements/fy1410/2014930362-b.html">http://www.loc.gov/catdir/enhancements/fy1410/2014930362-b.html</a>
856 42 - ELECTRONIC LOCATION AND ACCESS
Materials specified Publisher description
Uniform Resource Identifier <a href="http://www.loc.gov/catdir/enhancements/fy1410/2014930362-d.html">http://www.loc.gov/catdir/enhancements/fy1410/2014930362-d.html</a>
856 41 - ELECTRONIC LOCATION AND ACCESS
Materials specified Table of contents only
Uniform Resource Identifier <a href="http://www.loc.gov/catdir/enhancements/fy1410/2014930362-t.html">http://www.loc.gov/catdir/enhancements/fy1410/2014930362-t.html</a>
942 ## - ADDED ENTRY ELEMENTS (KOHA)
Source of classification or shelving scheme Dewey Decimal Classification
Koha item type Book - Borrowing
Holdings
Withdrawn status Lost status Source of classification or shelving scheme Damaged status Not for loan Collection code Home library Current library Shelving location Date acquired Source of acquisition Cost, normal purchase price Total Checkouts Full call number Barcode Date last seen Date checked out Cost, replacement price Koha item type
    Dewey Decimal Classification     Baccah Central Library Central Library First floor 11/02/2017 Purchase 150.00 1 541 ATK 000045415 15/07/2025 12/11/2022 188.00 Book - Borrowing